00326nam a22000977a 4500008004100000020001500041082002100056245010900077260003400186300000800220230629b xxu||||| |||| 00| 0 eng d a9987666256 a346.06bEAC 2003 aFirst and Second Extra-Ordinary Meetings of the Permanent Tripartite CommissionbReport of the Commision aArushabEAC Secretariatc2003 a15p